| 000 | 01024nas a2200325 4500 | ||
|---|---|---|---|
| 001 | BR2018002200 | ||
| 003 | BR-BrBNA | ||
| 005 | 20231205131437.0 | ||
| 007 | ta | ||
| 008 | 230509b bl.|||p| |||| 00| 00por d | ||
| 040 |
_aBR-BrBNA _bpor _cBiblioteca Nacional de Agricultura |
||
| 041 | _a(Pt) | ||
| 072 | _aF04; P33 | ||
| 100 | 1 | _aSilva, L.S. da | |
| 100 | 1 | _aPocojeski, E. | |
| 100 | 1 | _aBritzke, D. | |
| 100 | 1 | _aKaefer, S. | |
| 100 | 1 | _aGriebeler, G. | |
| 100 | 1 | _aSantos, D.R. dos | |
| 245 | 1 | _aDisponibilidade de potássio a arroz irrigado por alagamento em solos de várzea | |
| 650 | _aARROZ IRRIGADO | ||
| 650 | _aADUBAÇÃO | ||
| 650 | _aPOTÁSSIO | ||
| 650 | _aABSORÇÃO DE NUTRIENTES | ||
| 650 | _aANÁLISE DO SOLO | ||
| 773 | 0 |
_tPesquisa Agropecuária Tropical (Brazil) _xISSN 1983-4063 _g(Oct-Dec 2015), v. 45(4) p. 379-387 _wBR2018002200 |
|
| 856 | 4 | 0 | _uhttp://www.scielo.br/pdf/pat/v45n4/1517-6398-pat-45-04-0379.pdf |
| 909 |
_a202311 _bLúcia _c55 _dLúcia Elande |
||
| 942 |
_2AGRIS _n0 _cANA |
||
| 999 |
_c254853 _d254853 |
||